Madad ha-meḥirim la-tsarkhan. (Record no. 34087)

MARC details
000 -LEADER
fixed length control field 00807cam a22002771 4500
001 - CONTROL NUMBER
control field he 68004394
003 - CONTROL NUMBER IDENTIFIER
control field DLC
005 - DATE AND TIME OF LATEST TRANSACTION
control field 20260227111508.0
008 - FIXED-LENGTH DATA ELEMENTS--GENERAL INFORMATION
fixed length control field 840531s1967 xx f000 0 heb
010 ## - LIBRARY OF CONGRESS CONTROL NUMBER
LC control number he 68004394
035 ## - SYSTEM CONTROL NUMBER
System control number (OCoLC)21727245
040 ## - CATALOGING SOURCE
Original cataloging agency DLC
Transcribing agency CU
Modifying agency DLC
042 ## - AUTHENTICATION CODE
Authentication code premarc
043 ## - GEOGRAPHIC AREA CODE
Geographic area code a-is---
050 00 - LIBRARY OF CONGRESS CALL NUMBER
Classification number HB235.P3
Item number A5
110 1# - MAIN ENTRY--CORPORATE NAME
Corporate name or jurisdiction name as entry element Israel.
Subordinate unit Lishkah ha-merkazit li-sṭaṭisṭiḳah.
245 10 - TITLE STATEMENT
Title Madad ha-meḥirim la-tsarkhan.
260 ## - PUBLICATION, DISTRIBUTION, ETC.
Date of publication, distribution, etc. 728 [1967 or 8]
300 ## - PHYSICAL DESCRIPTION
Extent 125 p.
Dimensions 27 cm.
490 1# - SERIES STATEMENT
Series statement Sidrat pirsumim tekhniyim / Israel. ha-Lishkah ha-merkazit li-statistikah ;
Volume/sequential designation mis. 29
500 ## - GENERAL NOTE
General note Romanized.
504 ## - BIBLIOGRAPHY, ETC. NOTE
Bibliography, etc. note Bibliography: p. 123.
650 #0 - SUBJECT ADDED ENTRY--TOPICAL TERM
Topical term or geographic name entry element Prices
Geographic subdivision Israel.
650 #0 - SUBJECT ADDED ENTRY--TOPICAL TERM
Topical term or geographic name entry element Price indexes
830 #0 - SERIES ADDED ENTRY--UNIFORM TITLE
Uniform title Sidrat pirsumim tekhniyim ;
Volume/sequential designation mis. 29

No items available.

Powered by Koha